000
00326nam a2200133Ia 4500
008
190216s9999||||xx |||||||||||||| ||und||
100
_a
N.E Rajeev
245
0
_a
Elctrodynamics Iv Ediition
250
_a
4th Ed.
260
_b
Calicut University Central Co-Operative
_c
2007
300
_a
579
650
_a
Phycs
942
_c
BK
999
_c
34708
_d
34708